Normal view MARC view

Entry Personal Name

Number of records used in: 2

001 - CONTROL NUMBER

  • control field: 872112

003 - CONTROL NUMBER IDENTIFIER

  • control field: OSt

005 - DATE AND TIME OF LATEST TRANSACTION

  • control field: 20260114185613.0

008 - FIXED-LENGTH DATA ELEMENTS

  • fixed length control field: 260114|| aca||aabn | a|a d

040 ## - CATALOGING SOURCE

  • Original cataloging agency: OSt
  • Transcribing agency: OSt

100 ## - HEADING--PERSONAL NAME

  • Personal name: Lori Cox Han

670 ## - SOURCE DATA FOUND

  • Source citation: Work cat.: (OSt)1471060: Lori Cox Han, Hatred of America's Presidents Personal Attacks on the White House from Washington to Trump, 2018
Copyright @ Delhi University Library System